[Event "Europe Echecs online op April"]
[Site "Europe Echecs INT"]
[Date "2020.04.11"]
[Round "2"]
[White "Cognet, R."]
[Black "Oney, Fatmanur"]
[Result "0-1"]
[WhiteElo "1500"]
[BlackElo "1657"]
[PlyCount "48"]
[EventDate "2020.04.11"]
[EventType "swiss (blitz)"]
[EventRounds "11"]
[EventCountry "FRA"]
[SourceTitle "EXT 2021"]
[Source "ChessBase"]
[SourceDate "2020.10.23"]
[SourceVersion "1"]
[SourceVersionDate "2020.10.23"]
[SourceQuality "1"]

1. e4 c6 2. c3 d5 3. exd5 cxd5 4. d4 Nc6 5. Nf3 Bg4 6. Be2 e6 7. h3 Bh5 8. Be3 Bd6 9. Nbd2 Nge7 10. Nb3 0-0 11. a3 Qc7 12. 0-0 Nf5 13. Bd2 Nfe7 14. Nc5 Rad8 15. b4 Rfe8 16. Re1 Bg6 17. Bb5 Rf8 18. a4 b6 19. Nd3 Qc8 20. Qc2 a6 21. Bxc6 Nxc6 22. b5 axb5 23. axb5 Na5 24. Nde5 Bxc2 0-1

[Event "Europe Echecs online op March"]
[Site "Europe Echecs INT"]
[Date "2020.03.28"]
[Round "9"]
[White "Bellahcene, Bilel"]
[Black "Oney, Fatmanur"]
[Result "1-0"]
[WhiteElo "2493"]
[BlackElo "2111"]
[PlyCount "67"]
[EventDate "2020.03.28"]
[EventType "swiss (blitz)"]
[EventRounds "9"]
[EventCountry "FRA"]
[SourceTitle "EXT 2021"]
[Source "ChessBase"]
[SourceDate "2020.10.23"]
[SourceVersion "1"]
[SourceVersionDate "2020.10.23"]
[SourceQuality "1"]

1. d4 Nf6 2. Nf3 d6 3. g3 c6 4. Bg2 g6 5. 0-0 Bg7 6. Nc3 0-0 7. e4 a5 8. Re1 a4 9. e5 Nd5 10. Nxd5 cxd5 11. Bg5 Re8 12. Qd2 Nc6 13. c3 Be6 14. h4 h5 15. Bh6 Bh8 16. Ng5 Qd7 17. f4 dxe5 18. dxe5 Red8 19. Rad1 Bg4 20. Qxd5 Qxd5 21. Rxd5 e6 22. Rb5 Ra7 23. Ne4 Rd3 24. Nf6+ Bxf6 25. exf6 Rxg3 26. Kh2 Rd3 27. Bxc6 bxc6 28. Rb8+ Kh7 29. Bg7 g5 30. fxg5 Rad7 31. Rf1 Rh3+ 32. Kg1 Rd2 33. Rh8+ Kg6 34. Rh6# 1-0

[Event "Europe Echecs online op March"]
[Site "Europe Echecs INT"]
[Date "2020.03.28"]
[Round "8"]
[White "Oney, Fatmanur"]
[Black "Terrieux, Kevin"]
[Result "0-1"]
[WhiteElo "2111"]
[BlackElo "2482"]
[PlyCount "122"]
[EventDate "2020.03.28"]
[EventType "swiss (blitz)"]
[EventRounds "9"]
[EventCountry "FRA"]
[SourceTitle "EXT 2021"]
[Source "ChessBase"]
[SourceDate "2020.10.23"]
[SourceVersion "1"]
[SourceVersionDate "2020.10.23"]
[SourceQuality "1"]

1. d4 d5 2. Nf3 Nf6 3. Bf4 c5 4. e3 e6 5. c3 Bd6 6. Bg3 Qc7 7. Nbd2 Nbd7 8. Bb5 0-0 9. 0-0 e5 10. Bxd7 Nxd7 11. dxe5 Nxe5 12. Nxe5 Bxe5 13. Bxe5 Qxe5 14. Nf3 Qh5 15. Nd2 Qg6 16. Nb3 Qc6 17. Qh5 b6 18. Rad1 Be6 19. Nd2 Qa4 20. Ra1 Qc2 21. Qd1 Qxb2 22. c4 dxc4 23. Ne4 Qe5 24. Ng3 c3 25. Qa4 Rad8 26. Rac1 Rd2 27. Qxa7 c2 28. Qa4 Bd7 29. Qb3 Be6 30. Qa4 Rfd8 31. Rxc2 Rd1 32. Rc1 Rxc1 33. Rxc1 Qb2 34. Rf1 Qxa2 35. Qc6 Qa6 36. e4 Rc8 37. Rd1 h6 38. Qd6 c4 39. Qe5 Qa5 40. Qd4 Qc5 41. Qc3 b5 42. Rb1 Rb8 43. Rb4 Qd6 44. h4 Bg4 45. f3 Qxg3 46. fxg4 Qxc3 47. Rb1 Qd3 48. Re1 c3 49. g5 Qd2 50. Rf1 c2 51. gxh6 c1Q 52. h7+ Kxh7 53. Rxc1 Qxc1+ 54. Kh2 Qf4+ 55. Kh3 Qxe4 56. g3 Rc8 57. h5 Rc4 58. h6 g6 59. g4 Qxg4+ 60. Kh2 Qg5 61. Kh1 Rh4# 0-1

[Event "Rennes op 7th"]
[Site "Rennes"]
[Date "2014.07.05"]
[Round "1"]
[White "Oney, Fatmanur"]
[Black "Bailet, Pierre"]
[Result "0-1"]
[WhiteElo "1758"]
[BlackElo "2469"]
[PlyCount "46"]
[EventDate "2014.07.05"]
[EventType "swiss"]
[EventRounds "9"]
[EventCountry "FRA"]
[SourceTitle "CBM 161 Extra"]
[Source "ChessBase"]
[SourceDate "2014.08.29"]
[SourceVersion "1"]
[SourceVersionDate "2014.08.29"]
[SourceQuality "1"]

1. d4 Nf6 2. Nf3 e6 3. c4 b6 4. Nc3 Bb4 5. Bd2 Bb7 6. e3 0-0 7. Be2 d6 8. 0-0 Nbd7 9. a3 Bxc3 10. Bxc3 Ne4 11. Rc1 f5 12. b4 Rf6 13. Ne1 Rh6 14. Ba1 Qh4 15. Nf3 Qh5 16. h3 Rg6 17. Kh1 Ndf6 18. d5 Ng4 19. Qe1 exd5 20. Nh2 dxc4 21. Bxc4+ d5 22. Be2 d4 23. Rxc7 Qxh3 0-1

[Event "Istanbul op-A 12th"]
[Site "Istanbul"]
[Date "2013.10.12"]
[Round "1"]
[White "Oney, Fatmanur"]
[Black "Yilmaz, Mustafa"]
[Result "0-1"]
[WhiteElo "1813"]
[BlackElo "2567"]
[PlyCount "96"]
[EventDate "2013.10.12"]
[EventType "swiss"]
[EventRounds "9"]
[EventCountry "TUR"]
[SourceTitle "EXT 2014"]
[Source "ChessBase"]
[SourceDate "2013.11.20"]
[SourceVersion "1"]
[SourceVersionDate "2013.11.20"]
[SourceQuality "1"]

1. d4 e6 2. Nf3 Nf6 3. Nc3 d5 4. Bg5 Be7 5. e3 Nbd7 6. Bd3 c5 7. 0-0 c4 8. Be2 b5 9. a3 Qb6 10. Ne5 Nxe5 11. dxe5 Ng8 12. Bxe7 Nxe7 13. Qd4 Rb8 14. Rfd1 0-0 15. Qxb6 Rxb6 16. e4 dxe4 17. Nxe4 Ng6 18. Rd6 Nxe5 19. Rxb6 axb6 20. Nd6 Bd7 21. Rd1 Bc6 22. a4 bxa4 23. Nxc4 Nxc4 24. Bxc4 Rb8 25. Rd6 Be8 26. Kf1 Kf8 27. Be2 Ke7 28. Rd4 g5 29. h4 h6 30. hxg5 hxg5 31. g4 e5 32. Re4 f6 33. Rb4 Kd6 34. Bd3 Bc6 35. Ke2 b5 36. c3 Kc5 37. Bc2 Rh8 38. Bf5 Rh3 39. Be6 Bf3+ 40. Kd2 Rh1 41. Bf5 Rd1+ 42. Ke3 Bc6 43. Ke2 Rd4 44. Rxd4 exd4 45. Kd3 dxc3 46. Kxc3 b4+ 47. Kc2 Kd4 48. Kd2 Be4 0-1

[Event "Avoine op 24th"]
[Site "Avoine"]
[Date "2009.07.22"]
[Round "5"]
[White "Oney, Fatmanur"]
[Black "Ollier, Pablo"]
[Result "0-1"]
[WhiteElo "1873"]
[BlackElo "2226"]
[PlyCount "80"]
[EventDate "2009.07.18"]
[EventType "swiss"]
[EventRounds "9"]
[EventCountry "FRA"]
[SourceTitle "CBM 131 Extra"]
[Source "ChessBase"]
[SourceDate "2009.09.03"]
[SourceVersion "2"]
[SourceVersionDate "2009.09.16"]
[SourceQuality "1"]

1. d4 Nf6 2. Nf3 e6 3. c4 Bb4+ 4. Bd2 c5 5. Bxb4 cxb4 6. a3 bxa3 7. Rxa3 0-0 8. e3 d6 9. Bd3 Nc6 10. Nc3 e5 11. 0-0 Bg4 12. d5 Nb4 13. Bb1 Nd7 14. h3 Bh5 15. Ne4 Qe7 16. Ng3 Bg6 17. Bxg6 hxg6 18. Qd2 a5 19. Ne4 f5 20. Nc3 e4 21. Nd4 Ne5 22. b3 g5 23. Rfa1 b6 24. Na4 Rab8 25. Ne6 Rfc8 26. Nc3 g4 27. hxg4 Qh4 28. gxf5 Kf7 29. Nxe4 Rh8 30. Ng3 Rh6 31. Nf4 Rbh8 32. Kf1 Qg4 33. Nh3 Rxh3 34. gxh3 Rxh3 35. Qd4 Rxg3 36. fxg3 Qf3+ 37. Kg1 Qxg3+ 38. Kf1 Qh3+ 39. Ke2 Qg2+ 40. Kd1 Qc2+ 0-1

[Event "Avoine op 24th"]
[Site "Avoine"]
[Date "2009.07.21"]
[Round "4"]
[White "Oney, Fatmanur"]
[Black "Cau, Benjamin"]
[Result "1-0"]
[WhiteElo "1873"]
[BlackElo "2169"]
[PlyCount "57"]
[EventDate "2009.07.18"]
[EventType "swiss"]
[EventRounds "9"]
[EventCountry "FRA"]
[SourceTitle "CBM 131 Extra"]
[Source "ChessBase"]
[SourceDate "2009.09.03"]
[SourceVersion "2"]
[SourceVersionDate "2009.09.16"]
[SourceQuality "1"]

1. d4 d5 2. Nf3 Nf6 3. c4 c6 4. Nc3 dxc4 5. a4 Bf5 6. Ne5 e6 7. Nxc4 Nbd7 8. f3 c5 9. e4 cxd4 10. Qxd4 Bc5 11. Nd6+ Ke7 12. Nxf5+ exf5 13. Nd5+ Kf8 14. Qd3 fxe4 15. fxe4 Nxd5 16. Qxd5 Bb4+ 17. Bd2 Bxd2+ 18. Kxd2 Qb6 19. Bc4 Qxb2+ 20. Ke3 Ne5 21. Bb3 Rc8 22. Rac1 Rc3+ 23. Rxc3 Qxc3+ 24. Ke2 g6 25. Rf1 Qc7 26. Qd4 b6 27. h3 Qc5 28. Qd8+ Kg7 29. Qf6+ 1-0

[Event "Avoine op 23rd"]
[Site "Avoine"]
[Date "2008.07.24"]
[Round "6"]
[White "Deschin, Pierre Antoine"]
[Black "Oney, Fatmanur"]
[Result "1/2-1/2"]
[WhiteElo "2055"]
[BlackElo "1873"]
[PlyCount "116"]
[EventDate "2008.07.19"]
[EventType "swiss"]
[EventRounds "9"]
[EventCountry "FRA"]
[SourceTitle "CBM 125 Extra"]
[Source "ChessBase"]
[SourceDate "2008.09.01"]
[SourceVersion "1"]
[SourceVersionDate "2008.09.01"]
[SourceQuality "1"]

1. Nf3 d5 2. c4 c6 3. e3 Nf6 4. Nc3 e6 5. b3 Be7 6. Bb2 Nbd7 7. d4 0-0 8. Bd3 Re8 9. 0-0 Bd6 10. e4 dxe4 11. Nxe4 Nxe4 12. Bxe4 Nf6 13. Bc2 b6 14. Qd3 Bb7 15. Rfe1 g6 16. Qc3 Be7 17. Rad1 Rc8 18. Ne5 b5 19. Qh3 Bf8 20. Re3 Bg7 21. Rde1 bxc4 22. bxc4 Qb6 23. Bb3 c5 24. dxc5 Qxc5 25. Ba4 Qb4 26. Bxe8 Rxe8 27. Bc3 Qa4 28. R3e2 Ba6 29. Qd3 Nd5 30. Qf3 Nf6 31. Rd2 Rc8 32. Qd1 Qe8 33. Qb3 Bh6 34. Rd3 Bf4 35. Rd6 Bxe5 36. Rxa6 Bxc3 37. Qxc3 Nd5 38. Qd4 Nb4 39. Qxa7 Nxa6 40. Qxa6 Ra8 41. Qb5 Qxb5 42. cxb5 Rxa2 43. Rb1 Ra8 44. b6 Rb8 45. Kf1 Kf8 46. Ke2 Ke7 47. Kd3 Kd6 48. Ke4 f6 49. g4 g5 50. f4 gxf4 51. Kxf4 Kc6 52. g5 fxg5+ 53. Kxg5 Rxb6 54. Rxb6+ Kxb6 55. Kf6 Kc6 56. Kxe6 h5 57. h4 Kc7 58. Kf6 Kd7 1/2-1/2

[Event "Prague op-B"]
[Site "Prague"]
[Date "2006.01.??"]
[Round "9"]
[White "Nemcova, Karolina"]
[Black "Oney, Fatmanur"]
[Result "1-0"]
[WhiteElo "1925"]
[BlackElo "1844"]
[PlyCount "71"]
[EventDate "2006.07.02"]
[EventType "swiss"]
[EventRounds "7"]
[EventCountry "CZE"]
[SourceTitle "CBM 110 Extra"]
[Source "ChessBase"]
[SourceDate "2006.03.10"]
[SourceVersion "2"]
[SourceVersionDate "2006.03.10"]
[SourceQuality "1"]

1. e4 c5 2. Nf3 e6 3. d4 cxd4 4. Nxd4 a6 5. Nc3 Qc7 6. Be2 Nf6 7. 0-0 d6 8. Bg5 Be7 9. Qd3 b6 10. Rad1 Bb7 11. Bxf6 Bxf6 12. Ndb5 axb5 13. Nxb5 Qe7 14. Nxd6+ Kf8 15. e5 Ba6 16. exf6 Bxd3 17. fxe7+ Kxe7 18. Bxd3 Rd8 19. Ne4 Rxa2 20. Rb1 Nc6 21. Nc3 Ra5 22. Ra1 Rxa1 23. Rxa1 Nb4 24. Rd1 f5 25. f3 Kf6 26. Kf2 g5 27. g3 h5 28. Na4 Rd6 29. Be2 Rc6 30. c3 Nd5 31. Bb5 Rc8 32. c4 Nc7 33. Nxb6 Rh8 34. Rd6 Ke5 35. c5 Nxb5 36. Nd7# 1-0

[Event "EU-ch (Women) 5th"]
[Site "Dresden"]
[Date "2004.03.26"]
[Round "6"]
[White "Mammadova, Nargiz"]
[Black "Oney, Fatmanur"]
[Result "1-0"]
[WhiteElo "2104"]
[BlackElo "1809"]
[PlyCount "79"]
[EventDate "2004.03.21"]
[EventType "swiss"]
[EventRounds "12"]
[EventCountry "GER"]
[SourceTitle "CBM 099 Extra"]
[Source "ChessBase"]
[SourceDate "2004.05.04"]
[SourceVersion "1"]
[SourceVersionDate "2004.05.04"]
[SourceQuality "1"]

1. Nf3 d5 2. c4 c6 3. e3 Bf5 4. Nc3 e6 5. b3 Nf6 6. Bb2 h6 7. Be2 Bd6 8. 0-0 Nbd7 9. cxd5 exd5 10. d3 Qb8 11. e4 dxe4 12. dxe4 Bg4 13. e5 Bxe5 14. Nxe5 Nxe5 15. f4 0-0 16. fxe5 Qxe5 17. Bxg4 Rad8 18. Qe2 Qd4+ 19. Kh1 Qxg4 20. Rae1 Qxe2 21. Rxe2 Rfe8 22. Rxe8+ Rxe8 23. h3 b5 24. Kg1 b4 25. Na4 Nd5 26. Bd4 Re2 27. Rf2 Re7 28. Kf1 f6 29. Re2 Rd7 30. Nc5 Rd8 31. Ne6 Rd7 32. Rc2 Rd6 33. Nc5 Nc7 34. Bf2 Nb5 35. Na6 c5 36. Rxc5 Rxa6 37. Rxb5 Rxa2 38. Rxb4 a5 39. Ra4 Rb2 40. Ra3 1-0

[Event "EU-ch (Women) 5th"]
[Site "Dresden"]
[Date "2004.03.22"]
[Round "2"]
[White "Jiretorn, Eva"]
[Black "Oney, Fatmanur"]
[Result "1-0"]
[WhiteElo "2154"]
[BlackElo "1809"]
[PlyCount "61"]
[EventDate "2004.03.21"]
[EventType "swiss"]
[EventRounds "12"]
[EventCountry "GER"]
[SourceTitle "CBM 099 Extra"]
[Source "ChessBase"]
[SourceDate "2004.05.04"]
[SourceVersion "1"]
[SourceVersionDate "2004.05.04"]
[SourceQuality "1"]

1. d4 d5 2. c4 c6 3. Nf3 Nf6 4. e3 e6 5. Nc3 Nbd7 6. Bd3 dxc4 7. Bxc4 b5 8. Bd3 a6 9. 0-0 Bb7 10. e4 Be7 11. Bg5 c5 12. e5 Bxf3 13. Qxf3 cxd4 14. exf6 gxf6 15. Nxb5 axb5 16. Bf4 e5 17. Bh6 Rb8 18. Qh5 Bf8 19. f4 Bxh6 20. Qxh6 Qe7 21. Rae1 Rb6 22. Bf5 Rd6 23. Qg7 Qf8 24. Bxd7+ Kxd7 25. Qg4+ Kc7 26. fxe5 fxe5 27. Rxe5 Rg8 28. Qe4 Qg7 29. g3 Rb8 30. Re7+ Rd7 31. Rc1+ 1-0

[Event "EU-ch (Women) 3rd"]
[Site "Varna"]
[Date "2002.06.03"]
[Round "7"]
[White "Dimovska, Aleksandra"]
[Black "Oney, Fatmanur"]
[Result "1-0"]
[WhiteElo "2114"]
[BlackElo "2014"]
[PlyCount "83"]
[EventDate "2002.05.27"]
[EventType "swiss"]
[EventRounds "11"]
[EventCountry "BUL"]
[SourceTitle "CBM 088 Extra"]
[Source "ChessBase"]
[SourceDate "2002.07.01"]
[SourceVersion "2"]
[SourceVersionDate "2002.07.01"]
[SourceQuality "1"]

1. e4 c6 2. Nc3 d5 3. Nf3 dxe4 4. Nxe4 Nf6 5. Ng3 g6 6. d4 Bg7 7. Bc4 Nbd7 8. 0-0 0-0 9. Re1 Nb6 10. Bb3 a5 11. a3 Nbd5 12. Ne5 h5 13. h4 Bg4 14. f3 Be6 15. Nxg6 fxg6 16. Rxe6 Kh7 17. c3 Qc7 18. Qe1 Rad8 19. Ne4 Nxe4 20. Qxe4 Bf6 21. Bc2 Rg8 22. Bg5 Rg7 23. Bb3 Bxg5 24. hxg5 Nf4 25. Re5 Rf8 26. Re1 e6 27. Bxe6 Qb6 28. Qc2 Qd8 29. Bc4 Rd7 30. Qe4 Rg7 31. Re7 Nd5 32. Bxd5 cxd5 33. Rxg7+ Kxg7 34. Qe7+ Qxe7 35. Rxe7+ Rf7 36. Re6 Rd7 37. Rb6 Kf7 38. Rb5 Ke6 39. Rxa5 Kf5 40. c4 Kxg5 41. Rxd5+ Rxd5 42. cxd5 1-0